Prif ardaloedd Cymru - Statistics

General Stats
  • This quiz has been taken 6 times
  • The average score is 15 of 22
Answers on the Map
Answers color-coded by a green-red scale on the quiz's map according to % correct below.
 
Answer Stats
Prif faes % Correct
Gwynedd
100%
Powys
100%
Blaenau Gwent
80%
Caerdydd
80%
Ceredigion
80%
Conwy
80%
Merthyr Tudful
80%
Sir y Fflint
80%
Wrecsam
80%
Ynys Môn
80%
Abertawe
60%
Bro Morgannwg
60%
Casnewydd
60%
Rhondda Cynon Taf
60%
Sir Benfro
60%
Sir Ddinbych
60%
Sir Fynwy
60%
Caerffili
40%
Castell-nedd Port Talbot
40%
Pen-y-bont ar Ogwr
40%
Sir Gaerfyrddin
40%
Torfaen
40%
No matching quizzes found
Score Distribution
Percent of People with Each Score
Percentile by Number Answered
Your Score History
You have not taken this quiz